000 00602nam a2200229Ia 4500
008 101110s9999 xx 000 0 und d
041 _aENGLISH
082 _bSR34055
100 _aMollhan S.A.
245 _aIntroduction tonumerical analysis
260 _c2009
_bBook & Allicd, Calcatta
300 _a276
365 _b175
520 _aMathematics
520 _aUGC XIth Five Year Plan 2009-2010
546 _aENGLISH
630 _aIntroduction tonumerical analysis
650 _aMathematics
655 _aMathematics
730 _aIntroduction tonumerical analysis
942 _cBOOK
999 _c826556
_d826553